Nové úvery poskytnuté bankami a ich dohodnutá priemerná úroková miera
Úvery a dohodnutá priemerná úroková sadzba. Analýza vývoja objemu poskytnutých nových úverov bankami na Slovensku. Vývoj dohodnutej priemernej úrokovej sadzby na nové úverové obchody bánk v rokoch 2009-2017. Štruktúra poskytnutých nových úverov v rokoch 2009 a 2016. Vzájomné vzťahy medzi analyzovaný...
Guardado en:
| Autor principal: | |
|---|---|
| Formato: | Capítulo de libro |
| Lenguaje: | eslovaco |
| Materias: | |
| Etiquetas: |
Sin Etiquetas, Sea el primero en etiquetar este registro!
|
MARC
| LEADER | 00000nla a2200000 4500 | ||
|---|---|---|---|
| 001 | 0239347 | ||
| 005 | 20240502073858.0 | ||
| 041 | 0 | |a slo | |
| 044 | |a SK | ||
| 245 | 1 | 0 | |a Nové úvery poskytnuté bankami a ich dohodnutá priemerná úroková miera |c Monika Bačová |
| 520 | |a Úvery a dohodnutá priemerná úroková sadzba. Analýza vývoja objemu poskytnutých nových úverov bankami na Slovensku. Vývoj dohodnutej priemernej úrokovej sadzby na nové úverové obchody bánk v rokoch 2009-2017. Štruktúra poskytnutých nových úverov v rokoch 2009 a 2016. Vzájomné vzťahy medzi analyzovanými údajmi. | ||
| 610 | 2 | 0 | |a banky |
| 610 | 2 | 0 | |a úver bankový |
| 610 | 2 | 0 | |a sadzby úrokové |
| 610 | 2 | 0 | |a úrok |
| 610 | 2 | 0 | |a analýzy |
| 610 | 2 | 0 | |a Slovensko |
| 100 | 1 | |a Bačová, Monika | |